00728nam a22001697i 4500003000900000008004100009020002200050040007100072082002200143100003000165245002300195260006000218300003000278505022100308650001300529650001600542AR-CdUCM241115b20212021 pe||||| |||| 00| 0 spa d a978-612-48632-1-9 aMUNICIPALIDAD PROVINCIAL DEL CUSCOcBIBLIOTECA MUNICIPAL DEL CUSCO a869.57 / U24bU24 aUgarte Céspedes, Pavel  aFamilia peruana /  aCusco : bRoyer Capcha Quejias Editorial E.I.R.L.c2021 a97 páginas. : c19 cm.  aUn niño anida en mi boca -- Autorretrato -- Lengua madre -- Alumbramiento -- Los perseguidos -- Credo -- Confesión -- Espejo de agua -- Palabras seminales -- Canción del niño dormido -- Partida de nacimiento  aPoseía aLiteratura